The Impossible Quiz - Statistics

General Stats
  • This quiz has been taken 97 times
  • The average score is 3 of 11
Answer Stats
Hint Answer % Correct
What is the name of this quiz? The Impossible Quiz
90%
What's 9 + 10? 21
50%
How many letters are in 'petroleum' 9
44%
How many types of tools are in Minecraft? 5
28%
What's 2 and 2? 22
12%
Did you answer all the questions so far? No
10%
Are you still typing? No
10%
What is my favorite number? 18
6%
What's the capital of Ghana? Accra
6%
What does Crabrawler evolve into? Crabominable
2%
Hey, you skipped me! shrug
2%
No matching quizzes found
Score Distribution
Percent of People with Each Score
Percentile by Number Answered
Your Score History
You have not taken this quiz